Sklepy spożywcze w Goleniowie - Statystyki

Ogólne statystyki
  • Ten quiz został rozwiązany 12 razy
  • Średni wynik to 3 z 15
Statystyki odpowiedzi
Hint Odpowiedź % Poprawnych
3 Banaś
56%
1 Bodzio
56%
2 Rondo
44%
15 tanie faje obok olimpa
33%
5 Ada
22%
8 kalinowska
22%
7 łukaszek
22%
9 pirat
22%
14 tanie faje obok plant
22%
4 Lubczyk
11%
10 sylwia w krępsku
11%
11 cygareta
0%
12 jodełka (zlikwidowana)
0%
6 po schodkach na lipowej obok gabi gabi
0%
13 promil obok fontanny
0%
Nie znaleziono quizów pasujących do podanych kryteriów
Rozkład punktacji
Procent ludzi z każdym wynikiem
Percentyl według liczby udzielonych odpowiedzi
Twoja historia wyników
Nie rozwiązałeś tego quizu